Singer Anagrams - Statistics

General Stats
  • This quiz has been taken 40 times
  • The average score is 9 of 18
Answer Stats
Hint Answer % Correct
Bycenoé Beyoncé
96%
Eiemnm Eminem
92%
Ldaagagya Lady Gaga
92%
Mleirycuys Miley Cyrus
83%
Taolwrfyist Taylor Swift
80%
Dipuala Dua Lipa
79%
Kyareprty Katy Perry
76%
Jiubibenetsr Justin Bieber
68%
Aniaragdnrae Ariana Grande
65%
Smimstah Sam Smith
62%
Slonemeegaz Selena Gomez
57%
Hryeylatsrs Harry Styles
54%
Lwdealacpsii Lewis Capaldi
50%
Pnsoatlome Post Malone
45%
Mrelsmlaho Marshmello
43%
Cmleablalciao Camila Cabello
42%
Lelnaready Lana Del Rey
41%
Mceicloakasjhn Michael Jackson
41%
Esedeharn Ed Sheeran
37%
Bsobonnonee Benson Boone
33%
Saenemdhnws Shawn Mendes
31%
Naolhairln Niall Horan
29%
Dveatugtdia David Guetta
27%
Zsarosarlan Zara Larsson
27%
Clarahsvrnis Calvin Harris
21%
Setehacsnenhpz Stephen Sanchez
21%
Caertiuphlh Charlie Puth
13%
Dniaweles Dean Lewis
5%
No matching quizzes found
Score Distribution
Percent of People with Each Score
Percentile by Number Answered
Your Score History
You have not taken this quiz